[Event "10th European Teams w"]
[Site "Warsaw POL"]
[Date "2013.11.09"]
[Round "2.16"]
[White "Cemhan, Kardelen"]
[Black "Machlik, Monika"]
[Result "1-0"]
[WhiteTitle "WC"]
[WhiteElo "1993"]
[BlackElo "1936"]
[WhiteTeam "Turkey"]
[BlackTeam "Norway"]
[WhiteFideId "6325670"]
[BlackFideId "1513621"]
[EventDate "2013.11.08"]

1. e4 Nf6 2. e5 Nd5 3. d4 d6 4. c4 Nb6 5. exd6 exd6 6. Nc3 Nc6 7. Be3 Be7 8. Bd3
Bf6 9. Nge2 O-O 10. h3 d5 11. c5 Nc4 12. Bxc4 dxc4 13. O-O Bf5 14. b3 cxb3 15.
Qxb3 Rb8 16. Rfd1 Bg5 17. Bxg5 Qxg5 18. Ng3 Bg6 19. d5 Ne5 20. d6 cxd6 21. cxd6
Nc6 22. Nce4 Bxe4 23. Nxe4 Qf5 24. Qd5 Qxd5 25. Rxd5 Rfd8 26. Rc1 h6 27. a3 Kf8
28. Nc5 Kg8 29. Nxb7 Rxb7 30. Rxc6 Rbd7 31. Kf1 f6 32. f4 f5 33. Ke2 g6 34. Kd3
Kf7 35. Kd4 Ke6 36. Kc5 g5 37. g3 Kf6 38. Rc7 Ke6 39. Re5+ Kf6 40. Rxd7 Rxd7 41.
Kc6 Rd8 42. Kc7 gxf4 43. gxf4 Rg8 44. d7 1-0

[Event "10th European Teams w"]
[Site "Warsaw POL"]
[Date "2013.11.09"]
[Round "2.16"]
[White "Reppen, Ellisiv"]
[Black "Kaplan, Ebru"]
[Result "0-1"]
[WhiteElo "2008"]
[BlackElo "1882"]
[WhiteTeam "Norway"]
[BlackTeam "Turkey"]
[WhiteFideId "1504959"]
[BlackFideId "6315194"]
[EventDate "2013.11.08"]

1. e4 e5 2. Nf3 Nc6 3. Bb5 a6 4. Ba4 Nf6 5. O-O Be7 6. Re1 b5 7. Bb3 d6 8. c3
O-O 9. h3 Na5 10. Bc2 c5 11. d4 Qc7 12. d5 c4 13. Nbd2 Ne8 14. Nf1 f5 15. exf5
Bxf5 16. Bxf5 Rxf5 17. Ng3 Rf8 18. Be3 Nf6 19. Ng5 Qb7 20. Ne6 Rfe8 21. b4 Nxd5
22. bxa5 Bf6 23. Qf3 Rxe6 24. Rad1 e4 25. Nxe4 Rb8 26. Rxd5 Be5 27. Red1 Rf8 28.
Qe2 Qc7 29. Ng5 Rg6 30. Qh5 Rh6 31. Qg4 Qe7 32. Qe2 Rg6 33. Nf3 Bxc3 34. Nd4 Qe4
35. Nf3 Qxf3 36. Qxf3 Rxf3 37. Rxd6 Rxd6 38. Rxd6 Rf6 39. Rd8+ Kf7 40. Bb6 Rc6
41. Rd1 b4 42. Be3 Ke6 43. Kf1 Be5 44. Ke2 Bc7 45. Rd4 Bxa5 46. Re4+ Kd7 47. Rg4
g6 48. Rd4+ Ke6 49. Re4+ Kf7 50. Rh4 Kg8 51. Re4 Bc7 52. g4 a5 53. h4 Kf7 54.
Rd4 Bd6 55. Rd5 a4 56. h5 b3 57. axb3 cxb3 58. Rb5 gxh5 59. Rxh5 Kg7 60. Rg5+
Kf6 61. Rf5+ Ke6 62. Rb5 Rc4 63. f3 Be5 64. Rb6+ Kd7 65. Kd3 Rc3+ 66. Ke4 Bc7
67. Rh6 b2 68. Rxh7+ Kc6 69. Rh1 a3 70. g5 a2 0-1